<?xml version="1.0" encoding="UTF-8"?>
<record
    xmlns:xsi="http://www.w3.org/2001/XMLSchema-instance"
    xsi:schemaLocation="http://www.loc.gov/MARC21/slim http://www.loc.gov/standards/marcxml/schema/MARC21slim.xsd"
    xmlns="http://www.loc.gov/MARC21/slim">

  <leader>01873na  a2200469   4500</leader>
  <controlfield tag="001">16369</controlfield>
  <controlfield tag="003">MIRAKIL</controlfield>
  <controlfield tag="005">20181213155134.0</controlfield>
  <controlfield tag="008">170213b        tu            000 0      </controlfield>
  <datafield tag="035" ind1=" " ind2=" ">
    <subfield code="a">16369</subfield>
  </datafield>
  <datafield tag="040" ind1=" " ind2=" ">
    <subfield code="a">Milas</subfield>
    <subfield code="b">tur</subfield>
    <subfield code="c">TR-AnCHP</subfield>
  </datafield>
  <datafield tag="041" ind1=" " ind2=" ">
    <subfield code="a">tur</subfield>
  </datafield>
  <datafield tag="082" ind1=" " ind2=" ">
    <subfield code="a">CHP 324.217207</subfield>
    <subfield code="b">D54c 1940</subfield>
  </datafield>
  <datafield tag="090" ind1=" " ind2=" ">
    <subfield code="a">CHP 324.217207 D54c 1940</subfield>
  </datafield>
  <datafield tag="100" ind1=" " ind2=" ">
    <subfield code="a">Dila&#xE7;ar, Agop</subfield>
  </datafield>
  <datafield tag="222" ind1=" " ind2=" ">
    <subfield code="a">Cumhuriyet Halk Partisi Konferanslar&#x131;</subfield>
  </datafield>
  <datafield tag="245" ind1=" " ind2=" ">
    <subfield code="a">Alpin &#x131;rk, T&#xFC;rk etnisi, ve Hatay halk&#x131;; Irk ve millet; Milli bir edebiyata do&#x11F;ru; Yahya Kemal hakk&#x131;nda; Hatay&#x131;n eski tarihine bir bak&#x131;&#x15F;</subfield>
    <subfield code="c">Agop Dila&#xE7;ar; Z. F. F&#x131;nd&#x131;ko&#x11F;lu; Ahmet Hamdi Tanp&#x131;nar; &#x15E;&#xFC;kr&#xFC; Akkaya</subfield>
  </datafield>
  <datafield tag="260" ind1=" " ind2=" ">
    <subfield code="a">[Ankara ]</subfield>
    <subfield code="b">CHP</subfield>
    <subfield code="c">1940</subfield>
    <subfield code="f">Recep Uluso&#x11F;lu Bas&#x131;mevi</subfield>
  </datafield>
  <datafield tag="300" ind1=" " ind2=" ">
    <subfield code="a">80 s.</subfield>
    <subfield code="c">23 sm.</subfield>
  </datafield>
  <datafield tag="440" ind1=" " ind2=" ">
    <subfield code="a">C.H.P.</subfield>
    <subfield code="p">Konferanslar serisi</subfield>
    <subfield code="v">19</subfield>
  </datafield>
  <datafield tag="500" ind1=" " ind2=" ">
    <subfield code="a">Yap&#x131;t, yazarlar&#x131;n konferans konu&#x15F;malar&#x131;n&#x131; i&#xE7;ermektedir</subfield>
  </datafield>
  <datafield tag="500" ind1=" " ind2=" ">
    <subfield code="a">Halk Evlerinde verilen konferans metinleridir.</subfield>
  </datafield>
  <datafield tag="505" ind1=" " ind2=" ">
    <subfield code="a">Alpin &#x131;rk, T&#xFC;rk etnisi, ve Hatay halk&#x131;/ Agop Dila&#xE7;ar; Irk ve millet/ Z. F. F&#x131;nd&#x131;ko&#x11F;lu; Milli bir edebiyata do&#x11F;ru/Ahmet Hamdi Tnp&#x131;nar; Yahya Kemal hakk&#x131;nda/Ahmet Hmadi Tanp&#x131;nar; Hatay&#x131;n eski tarihine bir bak&#x131;&#x15F;/ &#x15E;&#xFC;kr&#xFC; Akkaya</subfield>
  </datafield>
  <datafield tag="600" ind1=" " ind2=" ">
    <subfield code="a">Yahya Kemal </subfield>
    <subfield code="d">1884-1958</subfield>
  </datafield>
  <datafield tag="610" ind1=" " ind2=" ">
    <subfield code="a">Cumhuriyet Halk Partisi (CHP)</subfield>
    <subfield code="x">Konferanslar ve seminerler</subfield>
  </datafield>
  <datafield tag="610" ind1=" " ind2=" ">
    <subfield code="a">Halkevleri</subfield>
  </datafield>
  <datafield tag="650" ind1=" " ind2=" ">
    <subfield code="a">Etnoloji</subfield>
  </datafield>
  <datafield tag="650" ind1=" " ind2=" ">
    <subfield code="a">T&#xFC;rk edebiyat&#x131;</subfield>
  </datafield>
  <datafield tag="650" ind1=" " ind2=" ">
    <subfield code="a">Tarih </subfield>
    <subfield code="z">Hatay</subfield>
  </datafield>
  <datafield tag="657" ind1=" " ind2=" ">
    <subfield code="a">CHP konferanslar&#x131;</subfield>
  </datafield>
  <datafield tag="657" ind1=" " ind2=" ">
    <subfield code="a">Halk Evleri</subfield>
  </datafield>
  <datafield tag="700" ind1=" " ind2=" ">
    <subfield code="a">F&#x131;nd&#x131;ko&#x11F;lu, Z. F.</subfield>
  </datafield>
  <datafield tag="700" ind1=" " ind2=" ">
    <subfield code="a">Tanp&#x131;nar, Ahmet Hamdi</subfield>
  </datafield>
  <datafield tag="700" ind1=" " ind2=" ">
    <subfield code="a">Akkaya, &#x15E;&#xFC;kr&#xFC;</subfield>
  </datafield>
  <datafield tag="740" ind1=" " ind2=" ">
    <subfield code="a">Alpin &#x131;rk, T&#xFC;rk etnisi, ve Hatay halk&#x131;</subfield>
  </datafield>
  <datafield tag="740" ind1=" " ind2=" ">
    <subfield code="a">Irk ve millet</subfield>
  </datafield>
  <datafield tag="740" ind1=" " ind2=" ">
    <subfield code="a">Milli bir edebiyata do&#x11F;ru</subfield>
  </datafield>
  <datafield tag="740" ind1=" " ind2=" ">
    <subfield code="a">Yahya Kemal hakk&#x131;nda</subfield>
  </datafield>
  <datafield tag="740" ind1=" " ind2=" ">
    <subfield code="a">Hatay&#x131;n eski tarihine bir bak&#x131;&#x15F;</subfield>
  </datafield>
  <datafield tag="830" ind1=" " ind2=" ">
    <subfield code="a">CHP Yay&#x131;nlar&#x131;</subfield>
  </datafield>
  <datafield tag="942" ind1=" " ind2=" ">
    <subfield code="2">ddc</subfield>
    <subfield code="c">BKS</subfield>
  </datafield>
  <datafield tag="952" ind1=" " ind2=" ">
    <subfield code="a">0001</subfield>
    <subfield code="b">0001</subfield>
    <subfield code="d">2016-10-04</subfield>
    <subfield code="e">2</subfield>
    <subfield code="l">0</subfield>
    <subfield code="o">CHP 324.217207 D54c 1940</subfield>
    <subfield code="p">004339</subfield>
    <subfield code="r">2016-10-04 00:00:00</subfield>
    <subfield code="v">0.00</subfield>
    <subfield code="w">2016-10-04</subfield>
    <subfield code="y">BKS</subfield>
  </datafield>
  <datafield tag="952" ind1=" " ind2=" ">
    <subfield code="a">0001</subfield>
    <subfield code="b">0001</subfield>
    <subfield code="d">2016-10-04</subfield>
    <subfield code="e">2</subfield>
    <subfield code="l">0</subfield>
    <subfield code="o">CHP 324.217207 D54c 1940</subfield>
    <subfield code="p">004340</subfield>
    <subfield code="r">2016-10-04 00:00:00</subfield>
    <subfield code="t">k.2</subfield>
    <subfield code="v">0.00</subfield>
    <subfield code="w">2016-10-04</subfield>
    <subfield code="y">BKS</subfield>
  </datafield>
  <datafield tag="999" ind1=" " ind2=" ">
    <subfield code="c">7286</subfield>
    <subfield code="d">7286</subfield>
  </datafield>
</record>
